<?xml version="1.0" encoding="UTF-8"?>
<record
    xmlns:xsi="http://www.w3.org/2001/XMLSchema-instance"
    xsi:schemaLocation="http://www.loc.gov/MARC21/slim http://www.loc.gov/standards/marcxml/schema/MARC21slim.xsd"
    xmlns="http://www.loc.gov/MARC21/slim">

  <leader>00672nam a2200241 i 4500</leader>
  <controlfield tag="001">C2-0314430</controlfield>
  <controlfield tag="003">PPAK</controlfield>
  <controlfield tag="005">20180728110119.0</controlfield>
  <controlfield tag="008">120104s2011    my  |||| |||||  |   may d</controlfield>
  <datafield tag="020" ind1=" " ind2=" ">
    <subfield code="a">9789675043338</subfield>
  </datafield>
  <datafield tag="040" ind1=" " ind2=" ">
    <subfield code="a">PPAK</subfield>
    <subfield code="b">eng</subfield>
    <subfield code="c">PPAK</subfield>
    <subfield code="e">rda</subfield>
  </datafield>
  <datafield tag="082" ind1="0" ind2="4">
    <subfield code="a">899.231</subfield>
    <subfield code="2">23</subfield>
  </datafield>
  <datafield tag="090" ind1="0" ind2="0">
    <subfield code="a">899.231</subfield>
    <subfield code="b">PEP</subfield>
    <subfield code="d">G</subfield>
  </datafield>
  <datafield tag="090" ind1="0" ind2="0">
    <subfield code="a">899.231</subfield>
    <subfield code="b">PEP</subfield>
    <subfield code="d">KK</subfield>
  </datafield>
  <datafield tag="245" ind1="0" ind2="0">
    <subfield code="a">Pepohon perteduhan cinta: </subfield>
    <subfield code="b">antologi soneta esastera.com</subfield>
  </datafield>
  <datafield tag="264" ind1=" " ind2="1">
    <subfield code="a">Kuala Lumpur : </subfield>
    <subfield code="b">eSastera Enterprise , </subfield>
    <subfield code="c">2011</subfield>
  </datafield>
  <datafield tag="300" ind1=" " ind2=" ">
    <subfield code="a">xvi, 118 pages ; </subfield>
    <subfield code="c">18 cm</subfield>
  </datafield>
  <datafield tag="336" ind1=" " ind2=" ">
    <subfield code="2">rdacontent</subfield>
    <subfield code="a">text</subfield>
  </datafield>
  <datafield tag="337" ind1=" " ind2=" ">
    <subfield code="2">rdamedia</subfield>
    <subfield code="a">unmediated</subfield>
  </datafield>
  <datafield tag="338" ind1=" " ind2=" ">
    <subfield code="2">rdacarrier</subfield>
    <subfield code="a">volume</subfield>
  </datafield>
  <datafield tag="650" ind1="1" ind2="0">
    <subfield code="a">Malay poetry.</subfield>
  </datafield>
  <datafield tag="942" ind1=" " ind2=" ">
    <subfield code="d">dc</subfield>
    <subfield code="c">B</subfield>
  </datafield>
  <datafield tag="999" ind1=" " ind2=" ">
    <subfield code="c">115853</subfield>
    <subfield code="d">115853</subfield>
  </datafield>
  <datafield tag="952" ind1=" " ind2=" ">
    <subfield code="0">0</subfield>
    <subfield code="7">1</subfield>
    <subfield code="b">PPAK</subfield>
    <subfield code="c">KK</subfield>
    <subfield code="d">2012-06-11</subfield>
    <subfield code="o">KK 899.231 PEP</subfield>
    <subfield code="p">A00365380</subfield>
    <subfield code="r">2018-05-09 00:00:00</subfield>
    <subfield code="y">B</subfield>
  </datafield>
  <datafield tag="952" ind1=" " ind2=" ">
    <subfield code="0">0</subfield>
    <subfield code="7">0</subfield>
    <subfield code="b">PD11</subfield>
    <subfield code="c">G</subfield>
    <subfield code="d">2012-01-05</subfield>
    <subfield code="l">0</subfield>
    <subfield code="o">899.231 PEP</subfield>
    <subfield code="p">A01364257</subfield>
    <subfield code="r">2018-05-09 00:00:00</subfield>
    <subfield code="y">B</subfield>
  </datafield>
  <datafield tag="952" ind1=" " ind2=" ">
    <subfield code="0">0</subfield>
    <subfield code="7">0</subfield>
    <subfield code="b">PD12</subfield>
    <subfield code="c">G</subfield>
    <subfield code="d">2012-01-05</subfield>
    <subfield code="l">0</subfield>
    <subfield code="o">899.231 PEP</subfield>
    <subfield code="p">A01364258</subfield>
    <subfield code="r">2018-05-09 00:00:00</subfield>
    <subfield code="y">B</subfield>
  </datafield>
  <datafield tag="952" ind1=" " ind2=" ">
    <subfield code="0">0</subfield>
    <subfield code="7">0</subfield>
    <subfield code="b">PD13</subfield>
    <subfield code="c">G</subfield>
    <subfield code="d">2012-01-05</subfield>
    <subfield code="l">0</subfield>
    <subfield code="o">899.231 PEP</subfield>
    <subfield code="p">A01364259</subfield>
    <subfield code="r">2018-05-09 00:00:00</subfield>
    <subfield code="y">B</subfield>
  </datafield>
  <datafield tag="952" ind1=" " ind2=" ">
    <subfield code="0">0</subfield>
    <subfield code="7">0</subfield>
    <subfield code="b">PD16</subfield>
    <subfield code="c">G</subfield>
    <subfield code="d">2012-01-05</subfield>
    <subfield code="o">899.231 PEP</subfield>
    <subfield code="p">A01364262</subfield>
    <subfield code="r">2018-05-09 00:00:00</subfield>
    <subfield code="y">B</subfield>
  </datafield>
  <datafield tag="952" ind1=" " ind2=" ">
    <subfield code="0">0</subfield>
    <subfield code="7">0</subfield>
    <subfield code="b">PD17</subfield>
    <subfield code="c">G</subfield>
    <subfield code="d">2012-01-05</subfield>
    <subfield code="l">0</subfield>
    <subfield code="o">899.231 PEP</subfield>
    <subfield code="p">A01364263</subfield>
    <subfield code="r">2018-05-09 00:00:00</subfield>
    <subfield code="y">B</subfield>
  </datafield>
  <datafield tag="952" ind1=" " ind2=" ">
    <subfield code="0">0</subfield>
    <subfield code="7">0</subfield>
    <subfield code="b">PD18</subfield>
    <subfield code="c">G</subfield>
    <subfield code="d">2012-01-05</subfield>
    <subfield code="o">899.231 PEP</subfield>
    <subfield code="p">A01364264</subfield>
    <subfield code="r">2018-05-09 00:00:00</subfield>
    <subfield code="y">B</subfield>
  </datafield>
  <datafield tag="952" ind1=" " ind2=" ">
    <subfield code="0">0</subfield>
    <subfield code="7">0</subfield>
    <subfield code="b">PD20</subfield>
    <subfield code="c">G</subfield>
    <subfield code="d">2012-01-05</subfield>
    <subfield code="o">899.231 PEP</subfield>
    <subfield code="p">A01364266</subfield>
    <subfield code="r">2018-05-09 00:00:00</subfield>
    <subfield code="y">B</subfield>
  </datafield>
  <datafield tag="952" ind1=" " ind2=" ">
    <subfield code="0">0</subfield>
    <subfield code="7">0</subfield>
    <subfield code="b">PD35</subfield>
    <subfield code="c">G</subfield>
    <subfield code="d">2012-01-05</subfield>
    <subfield code="o">899.231 PEP</subfield>
    <subfield code="p">A01364267</subfield>
    <subfield code="r">2018-05-09 00:00:00</subfield>
    <subfield code="y">B</subfield>
  </datafield>
  <datafield tag="952" ind1=" " ind2=" ">
    <subfield code="0">0</subfield>
    <subfield code="7">0</subfield>
    <subfield code="b">PD37</subfield>
    <subfield code="c">G</subfield>
    <subfield code="d">2012-01-05</subfield>
    <subfield code="l">0</subfield>
    <subfield code="o">899.231 PEP</subfield>
    <subfield code="p">A01364269</subfield>
    <subfield code="r">2018-05-09 00:00:00</subfield>
    <subfield code="y">B</subfield>
  </datafield>
  <datafield tag="952" ind1=" " ind2=" ">
    <subfield code="0">0</subfield>
    <subfield code="7">0</subfield>
    <subfield code="b">PD38</subfield>
    <subfield code="c">G</subfield>
    <subfield code="d">2012-01-05</subfield>
    <subfield code="l">0</subfield>
    <subfield code="o">899.231 PEP</subfield>
    <subfield code="p">A01364270</subfield>
    <subfield code="r">2018-05-09 00:00:00</subfield>
    <subfield code="y">B</subfield>
  </datafield>
  <datafield tag="952" ind1=" " ind2=" ">
    <subfield code="0">0</subfield>
    <subfield code="7">0</subfield>
    <subfield code="b">PD15</subfield>
    <subfield code="c">G</subfield>
    <subfield code="d">2012-01-05</subfield>
    <subfield code="o">899.231 PEP</subfield>
    <subfield code="p">A01364271</subfield>
    <subfield code="r">2018-05-09 00:00:00</subfield>
    <subfield code="y">B</subfield>
  </datafield>
  <datafield tag="952" ind1=" " ind2=" ">
    <subfield code="0">0</subfield>
    <subfield code="7">0</subfield>
    <subfield code="b">PPAK</subfield>
    <subfield code="c">G</subfield>
    <subfield code="d">2012-01-05</subfield>
    <subfield code="l">1</subfield>
    <subfield code="o">899.231 PEP</subfield>
    <subfield code="p">A01364233</subfield>
    <subfield code="r">2021-01-20 00:00:00</subfield>
    <subfield code="s">2020-11-26</subfield>
    <subfield code="y">B</subfield>
  </datafield>
  <datafield tag="952" ind1=" " ind2=" ">
    <subfield code="0">0</subfield>
    <subfield code="7">0</subfield>
    <subfield code="b">PPAK</subfield>
    <subfield code="c">G</subfield>
    <subfield code="d">2012-01-05</subfield>
    <subfield code="o">899.231 PEP</subfield>
    <subfield code="p">A01364234</subfield>
    <subfield code="r">2018-05-09 00:00:00</subfield>
    <subfield code="y">B</subfield>
  </datafield>
  <datafield tag="952" ind1=" " ind2=" ">
    <subfield code="0">0</subfield>
    <subfield code="7">0</subfield>
    <subfield code="b">SP</subfield>
    <subfield code="c">G</subfield>
    <subfield code="d">2012-01-05</subfield>
    <subfield code="o">899.231 PEP</subfield>
    <subfield code="p">A01364235</subfield>
    <subfield code="r">2018-05-09 00:00:00</subfield>
    <subfield code="y">B</subfield>
  </datafield>
  <datafield tag="952" ind1=" " ind2=" ">
    <subfield code="0">0</subfield>
    <subfield code="7">0</subfield>
    <subfield code="b">JT</subfield>
    <subfield code="c">G</subfield>
    <subfield code="d">2012-01-05</subfield>
    <subfield code="o">899.231 PEP</subfield>
    <subfield code="p">A01364236</subfield>
    <subfield code="r">2018-05-09 00:00:00</subfield>
    <subfield code="y">B</subfield>
  </datafield>
  <datafield tag="952" ind1=" " ind2=" ">
    <subfield code="0">0</subfield>
    <subfield code="7">0</subfield>
    <subfield code="b">KM</subfield>
    <subfield code="c">G</subfield>
    <subfield code="d">2012-01-05</subfield>
    <subfield code="o">899.231 PEP</subfield>
    <subfield code="p">A01364238</subfield>
    <subfield code="r">2018-05-09 00:00:00</subfield>
    <subfield code="y">B</subfield>
  </datafield>
  <datafield tag="952" ind1=" " ind2=" ">
    <subfield code="0">0</subfield>
    <subfield code="7">0</subfield>
    <subfield code="b">BL</subfield>
    <subfield code="c">G</subfield>
    <subfield code="d">2012-01-05</subfield>
    <subfield code="o">899.231 PEP</subfield>
    <subfield code="p">A01364239</subfield>
    <subfield code="r">2018-05-09 00:00:00</subfield>
    <subfield code="y">B</subfield>
  </datafield>
  <datafield tag="952" ind1=" " ind2=" ">
    <subfield code="0">0</subfield>
    <subfield code="7">0</subfield>
    <subfield code="b">YN</subfield>
    <subfield code="c">G</subfield>
    <subfield code="d">2012-01-05</subfield>
    <subfield code="o">899.231 PEP</subfield>
    <subfield code="p">A01364240</subfield>
    <subfield code="r">2018-05-09 00:00:00</subfield>
    <subfield code="y">B</subfield>
  </datafield>
  <datafield tag="952" ind1=" " ind2=" ">
    <subfield code="0">0</subfield>
    <subfield code="7">0</subfield>
    <subfield code="b">SK</subfield>
    <subfield code="c">G</subfield>
    <subfield code="d">2012-01-05</subfield>
    <subfield code="o">899.231 PEP</subfield>
    <subfield code="p">A01364241</subfield>
    <subfield code="r">2018-05-09 00:00:00</subfield>
    <subfield code="y">B</subfield>
  </datafield>
  <datafield tag="952" ind1=" " ind2=" ">
    <subfield code="0">0</subfield>
    <subfield code="7">0</subfield>
    <subfield code="b">BB</subfield>
    <subfield code="c">G</subfield>
    <subfield code="d">2012-01-05</subfield>
    <subfield code="o">899.231 PEP</subfield>
    <subfield code="p">A01364242</subfield>
    <subfield code="r">2018-05-09 00:00:00</subfield>
    <subfield code="y">B</subfield>
  </datafield>
  <datafield tag="952" ind1=" " ind2=" ">
    <subfield code="0">0</subfield>
    <subfield code="7">0</subfield>
    <subfield code="b">MR</subfield>
    <subfield code="c">G</subfield>
    <subfield code="d">2012-01-05</subfield>
    <subfield code="o">899.231 PEP</subfield>
    <subfield code="p">A01364245</subfield>
    <subfield code="r">2018-05-09 00:00:00</subfield>
    <subfield code="y">B</subfield>
  </datafield>
  <datafield tag="952" ind1=" " ind2=" ">
    <subfield code="0">0</subfield>
    <subfield code="7">0</subfield>
    <subfield code="b">PD3</subfield>
    <subfield code="c">G</subfield>
    <subfield code="d">2012-01-05</subfield>
    <subfield code="o">899.231 PEP</subfield>
    <subfield code="p">A01364249</subfield>
    <subfield code="r">2018-05-09 00:00:00</subfield>
    <subfield code="y">B</subfield>
  </datafield>
  <datafield tag="952" ind1=" " ind2=" ">
    <subfield code="0">0</subfield>
    <subfield code="7">0</subfield>
    <subfield code="b">PD4</subfield>
    <subfield code="c">G</subfield>
    <subfield code="d">2012-01-05</subfield>
    <subfield code="o">899.231 PEP</subfield>
    <subfield code="p">A01364250</subfield>
    <subfield code="r">2018-05-09 00:00:00</subfield>
    <subfield code="y">B</subfield>
  </datafield>
  <datafield tag="952" ind1=" " ind2=" ">
    <subfield code="0">0</subfield>
    <subfield code="7">0</subfield>
    <subfield code="b">PD5</subfield>
    <subfield code="c">G</subfield>
    <subfield code="d">2012-01-05</subfield>
    <subfield code="l">0</subfield>
    <subfield code="o">899.231 PEP</subfield>
    <subfield code="p">A01364251</subfield>
    <subfield code="r">2018-05-09 00:00:00</subfield>
    <subfield code="y">B</subfield>
  </datafield>
  <datafield tag="952" ind1=" " ind2=" ">
    <subfield code="0">0</subfield>
    <subfield code="7">0</subfield>
    <subfield code="b">PD6</subfield>
    <subfield code="c">G</subfield>
    <subfield code="d">2012-01-05</subfield>
    <subfield code="o">899.231 PEP</subfield>
    <subfield code="p">A01364252</subfield>
    <subfield code="r">2018-05-09 00:00:00</subfield>
    <subfield code="y">B</subfield>
  </datafield>
  <datafield tag="952" ind1=" " ind2=" ">
    <subfield code="0">0</subfield>
    <subfield code="7">0</subfield>
    <subfield code="b">PD39</subfield>
    <subfield code="c">G</subfield>
    <subfield code="d">2012-01-05</subfield>
    <subfield code="o">899.231 PEP</subfield>
    <subfield code="p">A01364272</subfield>
    <subfield code="r">2018-05-09 00:00:00</subfield>
    <subfield code="y">B</subfield>
  </datafield>
</record>
